Recording Insurance Transactions in the Balance of Payments

Saved in:
Bibliographic Details
Main Author: Harper, Peter
Format: Book
Language:English
Published: Washington International Monetary Fund 1995
Edition:1. ed.
Series:IMF Working Paper 72
Subjects:
Tags: Add Tag
No Tags, Be the first to tag this record!

MARC

LEADER 00000nam a2200000 4500
001 c014849
005 20221205133453.9
041 0 |a eng 
044 |a US 
245 1 0 |a Recording Insurance Transactions in the Balance of Payments  |c Peter Harper 
250 |a 1. ed. 
264 1 |a Washington  |b International Monetary Fund  |c 1995 
300 |a 19 s. 
490 1 |a IMF Working Paper  |v 72 
830 0 |a IMF Working Paper  |v 72 
610 2 0 |a bilancia platobná 
610 2 0 |a zmluvy poistné 
610 2 0 |a operácie poistné 
100 1 |a Harper, Peter